000 00823nam a2200217Ia 4500
001 17482
003 GE_BSU
008 181216s||||||||xx |||||||||||||| ||und||
040 _cGE_BSU
080 _a621.01(035.5)
100 _aАнцыферов,М.С. Вукалович,М.П. Крипец,Э.С. и др.
245 _aСправочник машиностроителя. В шести томах. Том II.
245 _cРед. совет: Н.С.Ачеркан, М.П.Вукалович,В.Н.Кудрявцев и др. Под ред. Н.С.Ачеркана.
250 _aИзд. третье, исправ. и доролн.
260 _aМ.
260 _bМашгиз.
260 _c1961.
300 _a740 стр. 23 см.
653 _aСправочник машиностроителя.
942 _cBK
999 _c50533
_d50533